logo

මයික්‍රෝසොෆ්ට් වර්ඩ් පියවරෙන් පියවර (Record no. 1904)

000 -LEADER
fixed length control field 00553nam a22001817a 4500
003 - CONTROL NUMBER IDENTIFIER
control field SLTCLib
008 - FIXED-LENGTH DATA ELEMENTS--GENERAL INFORMATION
fixed length control field 260114b ce ||||| |||| 00| 0 eng d
020 ## - INTERNATIONAL STANDARD BOOK NUMBER
International Standard Book Number 9558086118
041 ## - LANGUAGE CODE
Language code of text/sound track or separate title Sinhala Language
082 ## - DEWEY DECIMAL CLASSIFICATION NUMBER
Classification number 005.54
Item number WIJ
100 ## - MAIN ENTRY--PERSONAL NAME
Personal name Wjerathne, N. P.
9 (RLIN) 3409
242 ## - TRANSLITARATE
Title Microsoft Word Piyawaren Piyawara
245 ## - TITLE STATEMENT
Title මයික්‍රෝසොෆ්ට් වර්ඩ් පියවරෙන් පියවර
260 ## - PUBLICATION, DISTRIBUTION, ETC. (IMPRINT)
Place of publication, distribution, etc Kotadeniya
Name of publisher, distributor, etc Ashirwada Prakashana
Date of publication, distribution, etc 2003
300 ## - PHYSICAL DESCRIPTION
Extent 213p.
650 #0 - SUBJECT ADDED ENTRY--TOPICAL TERM
9 (RLIN) 2070
Topical term or geographic name as entry element Computer science
942 ## - ADDED ENTRY ELEMENTS (KOHA)
Source of classification or shelving scheme
Koha item type Lending Materials
945 ## - LOCAL PROCESSING INFORMATION (OCLC)
a 3725
b Ishara wickramage
c 3725
d Ishara wickramage
Holdings
Withdrawn status Lost status Source of classification or shelving scheme Damaged status Not for loan Collection code Permanent Location Current Location Shelving location Date acquired Source of acquisition Cost, normal purchase price Full call number Barcode Date last seen Price effective from Koha item type
          Lending collection Library of SLTC Library of SLTC Lending Section 2026-01-14 Donation 300.00 005.54 WIJ 002866 2026-01-14 2026-01-14 Lending Materials
Ghostwriter

All Rights Reserved, Library of SLTC
Sri Lanka Technological Campus, Ingiriya Road, Padukka, Sri Lanka - Telephone: +, Fax: + -
Email:library@sltc.edu.lk
Designed & Maintained by Nimal Hettiarachchi
Last Updated: 15-April -2018